Countries below Tropic of Capricon - Statistics

General Stats
  • This quiz has been taken 235 times
    227 since last reset
  • The average score is 14 of 16
Answers on the Map
Answers color-coded by a green-red scale on the quiz's map according to % correct below.
 
Answer Stats
Country % Correct
Argentina
99%
South Africa
99%
Australia
98%
Brazil
98%
Chile
98%
Namibia
98%
Newzealand
98%
Paraguay
98%
Uruguay
98%
Lesotho
97%
Botswana
96%
Eswatini
94%
Mozambique
91%
Madagascar
90%
Bolivia
33%
Angola
27%
No matching quizzes found
Score Distribution
Percent of People with Each Score
Percentile by Number Answered
Your Score History
You have not taken this quiz since the last reset